Cambridge primary Mathematics leaner's book 3 / (Record no. 9737)

MARC details
000 -LEADER
fixed length control field 01337nam a22002417a 4500
001 - CONTROL NUMBER
control field 9737
003 - CONTROL NUMBER IDENTIFIER
control field FISKH
005 - DATE AND TIME OF LATEST TRANSACTION
control field 20260331154040.0
008 - FIXED-LENGTH DATA ELEMENTS--GENERAL INFORMATION
fixed length control field 260203b cb ||||| |||| 00| 0 eng d
020 ## - INTERNATIONAL STANDARD BOOK NUMBER
International Standard Book Number 9781107667679
040 ## - CATALOGING SOURCE
Original cataloging agency FISKH
Language of cataloging eng
Transcribing agency FISKH
Modifying agency FISKH
050 ## - LIBRARY OF CONGRESS CALL NUMBER
Classification number QA107.2
082 ## - DEWEY DECIMAL CLASSIFICATION NUMBER
Classification number 510
100 ## - MAIN ENTRY--PERSONAL NAME
Personal name Moseley, Cherri
Relator term Author
245 ## - TITLE STATEMENT
Title Cambridge primary Mathematics leaner's book 3 /
Statement of responsibility, etc. Cherri Moseley and Janet Rees
260 ## - PUBLICATION, DISTRIBUTION, ETC.
Place of publication, distribution, etc. New York :
Name of publisher, distributor, etc. Cambridge University Press ,
Date of publication, distribution, etc. 2014
300 ## - PHYSICAL DESCRIPTION
Extent 138 pages :
Other physical details color illustrations ;
Dimensions 28 cm
520 ## - SUMMARY, ETC.
Summary, etc. This series is endorsed by Cambridge International Examinations and is part of Cambridge Maths. Children will enjoy learning mathematics with this fun and attractive learner's book for stage 3. A variety of questions, activities, investigations and games that are designed to reinforce the concepts learnt in the core activities in the teacher's guide and address misconceptions are included along with hints and tips. Clear, often pictorial, explanation of mathematical vocabulary will help children learn new terms whether they are native English speakers or second language speakers and great care has been made to ensure language is accessible.
650 ## - SUBJECT ADDED ENTRY--TOPICAL TERM
Topical term or geographic name entry element Learner's book
Form subdivision Mathematics
700 ## - ADDED ENTRY--PERSONAL NAME
Personal name Rees, Janet
Relator term Author
942 ## - ADDED ENTRY ELEMENTS (KOHA)
Source of classification or shelving scheme Dewey Decimal Classification
Koha item type Books
Suppress in OPAC No
Holdings
Withdrawn status Lost status Source of classification or shelving scheme Damaged status Not for loan Collection Home library Current library Shelving location Date acquired Total Checkouts Full call number Barcode Date last seen Copy number Price effective from Koha item type
    Dewey Decimal Classification     Reference Footprints International School Library Network Toul Tom Poung Campus Footprints International School Library Network Toul Tom Poung Campus Librarian's Shelf TTP 02/03/2026   MOS 510 QA107.2 2026-0236 02/03/2026 1 02/03/2026 Books
    Dewey Decimal Classification     Reference Footprints International School Library Network Toul Tom Poung Campus Footprints International School Library Network Toul Tom Poung Campus Librarian's Shelf TTP 03/31/2026   MOS 510 QA107.2 2026-0419 03/31/2026 2 03/31/2026 Books